00500 2200205 4500001002100000008004100021035002000062245005400082100001800136250000600154260003800160300001200198084001400210082000800224650001400232990001200246990001200258990001200270990001200282INLIS000000000000449 ind  a0010-0424000425 aKamus Inggris - Indonesia BergambarcJane Bingham aBingham, Jane a1 aJakarta :bSygma Publishingc2007 a288 hlm a423 JAN k a423 aReferensi a0722596 a0722597 a0722598 a0722599